000 00293nam a22001337a 4500
008 210519b ||||| |||| 00| 0 eng d
041 _aeng
080 _a82
082 _a82
100 _a21
101 _aGJL
245 _aRuper Brooke his Life and his Legend
_cLehmann,J
942 _2udc
_cBK
999 _c57455
_d57455